Statistiche per Quiz su Gibilterra

Clicka qui per fare il quiz!

Statistiche generali

  • Questo quiz è stato fatto 83 volte
  • Il punteggio medio è 12 su 17

Statistiche sulle risposte

DefinizioniRisposte% Corretto
Questo paese confina e rivendica la proprietà di GibilterraSpagna
100%
Gibilterra è un territorio d'oltremare di questo PaeseRegno Unito
99%
Penisola in cui è situata GibilterraPenisola {Iberica}
95%
Lingua ufficialeInglese
93%
Mare che bagna GibilterraMar Mediterraneo
93%
Paese non confinante più vicinoMarocco
93%
Moneta utilizzata a GibilterraSterlina
84%
Dittatore che ha chiuso il confine del suo paese con Gibilterra nel 1969Francisco Franco
79%
Così gli antichi chiamavano il promontorio di Gibilterra considerandolo il limite estremo del mondo conosciuto.C{olonne} d' E{rcole}
78%
Si pensa che Gibilterra sia l'ultimo posto in cui vivevano questi umani arcaiciUomo di N{eanderthal}
78%
L'operazione Felix era una proposta di invasione di Gibilterra da parte di questo paese durante la seconda guerra mondiale Germania
75%
Ramo del cristianesimo a cui appartiene il 72% della popolazioneCattolicesimo
63%
Gibilterra finì sotto il ______ della dinastia degli OmayyadiCaliffato
38%
Oggetto d'oro che compare nello stemmaChiave
34%
Specie di scimmie che vivono a GibilterraMacaco
32%
Famoso punto di riferimento, noto anche come Jabel-al-Tariq{Rocca} di Gibilterra
30%
Forma di dialetto andaluso che si parla a GibilterraLlanito
12%

Distribuzione punteggi

Percentile per numero di risposta

Percentuale di utenti per punteggio

I tuoi punteggi nel tempo

Non hai fatto questo quiz